| 000 | 00687nmc a2200277 a 4500 | ||
|---|---|---|---|
| 003 | AR-BaBNM | ||
| 005 | 20251128211559.0 | ||
| 008 | 134120s2000 ||||||||||||||000 | spa|| | ||
| 020 | _a84-7432-885-3 | ||
| 040 | _cAR-BaBNM | ||
| 100 | 1 | _aMaddux, Robert B. | |
| 245 | 1 | 0 | _aCómo formar un equipo de trabajo |
| 246 | 1 | _a1ª ed. | |
| 260 |
_aBarcelona _bGedisa _c2000 |
||
| 300 | 0 | _a126 p. | |
| 490 | 0 | _aNuevos emprendedores | |
| 650 | 4 | _aTRABAJO EN GRUPO | |
| 650 | 4 | _aLIDERAZGO | |
| 650 | 4 | _aRENDIMIENTO | |
| 650 | 4 | _aEMPRESAS | |
| 650 | 4 | _aCOMUNICACION INTERPERSONAL | |
| 650 | 4 | _aMOTIVACION DE RENDIMIENTO | |
| 650 | 4 | _aEMPLEADOS | |
| 942 | _cBK | ||
| 998 | _cEugenia | ||
| 999 |
_c20288 _d20288 |
||